00459cam a22001217a 4500008004000000082001500040100006900055245010100124260004200225300001000267700003200277700002800309180718b1979 xxu||||| |||| 00| 0 eng d aW1x54 In2s aIndia. High Level Committee on Social Burdens on Indian Railways aReport of the High Level Committee on Social Burdens on Indian Railwayscby Ministry of Railways aNew DelhibMinistry of Railwaysc1979 a43+p. aIndia. Ministry of Railways aBhalla, H.K. (Chairman)